000
00264nam a22001217a 4500
040
_c
SCME
100
_a
Martin ,Crawford
_9
113250
245
_a
Plastic engineering
250
_a
4th.
260
_a
U.S
_b
Matthew deans
_c
2020
300
_a
594p.
942
_2
ddc
_c
BK
999
_c
595002
_d
595002